00680nam a2200193 4500001000700000003000900007005001700016007000300033008004100036100003100077245010500108250001300213260003900226300002100265700002700286852003200313999001900345952012200364140217ES-MaACL20230906200032.0t|070214s1972 sp r ||||1| cat d1 aSchulz, Charles M.910478910aFes volar l'estel, Charlie Brown / cCharles M. Schulz ; traducció de Antoni Pigrau i Rodríguez. a1ª. ed. aBarcelona : bEdicions 62, c1972. a64 h. ; c21 cm.1 aPigrau, Antoni.992005 aES-MaACLjC-47904 bR.84445 c140217d140217 00104070aATENEOMbATENEOMcDEPO2d2008-01-17eSCl0oC-47904p1145914r2023-02-23 00:00:00w2023-02-23yMONOGRAFIA